| 000 | 00650nam a2200217 a 4500 | ||
|---|---|---|---|
| 999 |
_c2870 _d2870 |
||
| 001 | 2870 | ||
| 003 | BD-JhCC | ||
| 005 | 20171107184703.0 | ||
| 008 | 171107s1986 bg |||| ||a| 000 0 ben d | ||
| 035 | _a(BD-JhCC)2870 | ||
| 040 |
_aBD-JhCC _dBD-JhCC |
||
| 041 | _aben | ||
| 082 |
_a891.448 _bRAH 1986 |
||
| 100 | _aরহমান, মুস্তাফিজুর | ||
| 245 |
_aরাশিয়ার গল্প / _cমুস্তাফিজুর রহমান |
||
| 260 |
_aঢাকা : _bমুক্তধারা, _c1986. |
||
| 300 |
_a104 p. : _c21 cm. |
||
| 650 |
_aShort Stories _zRussia |
||
| 942 |
_2ddc _cBK |
||